The Roles of Women in the Victorian Era Feminism and Violence in Great Expectations /

The paper deals with the issues of the unconventional women and how they are treated negatively throughout Great Expectations. The only expectation is Estella’s character who is harmed as well but she is not destroyed in the end and the fact that the unconventional woman is the idealized woman for t...

Teljes leírás

Elmentve itt :
Bibliográfiai részletek
Szerző: Molnár Timea
További közreműködők: Nyikos Dániel Árpád (Témavezető)
Dokumentumtípus: Szakdolgozat
Megjelent: 2018
Tárgyszavak:
Online Access:http://diploma.bibl.u-szeged.hu/74518
LEADER 01586nta a2200169 i 4500
001 dipl74518
005 20190429064844.0
008 190426s2018 hu om 0|| eng d
040 |a SZTE Diploma Repozitórium  |b hun 
041 |a eng 
100 1 |a Molnár Timea 
245 1 4 |a The Roles of Women in the Victorian Era   |h [elektronikus dokumentum] :  |b Feminism and Violence in Great Expectations /  |c Timea Molnár 
260 |c 2018 
520 3 |a The paper deals with the issues of the unconventional women and how they are treated negatively throughout Great Expectations. The only expectation is Estella’s character who is harmed as well but she is not destroyed in the end and the fact that the unconventional woman is the idealized woman for the main character. It also gives explanations of women’s legal situation and their connection to the home in the Victorian era since the characters themselves are either spinsters, married or single in Great Expectations. The characters that will be mention are Mrs Joe, Molly, Biddy, Miss Havisham and Estella. Every person changes by suffering has its issues is that there is a very obvious connection between the unconventional women and the negative harmful of their character or the way they cause harm. On the other hand, Estella's was perceived different and come to a different ending than all those other women who died or suffered through the novel. 
650 4 |a Bölcsészettudományok 
700 1 |a Nyikos Dániel Árpád  |e ths 
856 4 0 |u http://diploma.bibl.u-szeged.hu/id/eprint/74518/1/2018_Moln%C3%A1r_Timea_FBYY24_SZ.pdf  |z Dokumentum-elérés